| 000 | 02134nam a2200577 i 4500 | ||
|---|---|---|---|
| 001 | 15401 | ||
| 003 | KOSZ 005 | ||
| 005 | 20200629110818.0 | ||
| 008 | 200414s1973 pl a f 000 0 pol | ||
| 015 | _aUWD 1973/5508 | ||
| 035 | _a991033541469705066 | ||
| 035 | _a(PL-WaBN)b1898051x-48omnis_nlop | ||
| 035 | _ab1898051x | ||
| 035 | _a(OCoLC)839023797 | ||
| 035 | _a(PL)b0000001898051 | ||
| 035 | _a(EXLNZ-48OMNIS_NETWORK)9910382493405606 | ||
| 040 |
_aWA N _cWA N _dKOSZ 005/RW |
||
| 041 | 0 |
_apol _beng _brus |
|
| 046 | _k1973 | ||
| 080 | _a624.07 | ||
| 080 | _a624.042 | ||
| 080 | _a691 | ||
| 080 | _a620.14 | ||
| 245 | 0 | 0 |
_aBadanie i obliczanie elementów płytowych / _c[redakcja naukowa Kazimierz Czapliński]. |
| 260 |
_aWrocław : _bWydawnictwo Politechniki Wrocławskiej, _c1973. |
||
| 300 |
_a81 stron : _bilustracje ; _c24 cm. |
||
| 336 |
_aTekst _btxt _2rdacontent |
||
| 337 |
_aBez urządzenia pośredniczącego _bn _2rdamedia |
||
| 338 |
_aWolumin _bnc _2rdacarrier |
||
| 380 | _aKsiążki | ||
| 380 | _aPublikacje naukowe | ||
| 388 | _a1901-2000 | ||
| 388 | _a1945-1989 | ||
| 490 | 1 |
_aPrace Naukowe Instytutu Budownictwa Politechniki Wrocławskiej. Studia i materiały, _x0137-6241 ; _vnr 8 |
|
| 500 | _aNumeracja serii głównej: nr 11. | ||
| 504 | _aBibliografia przy pracach. | ||
| 546 | _aStreszczenia w języku rosyjskim i angielskim. | ||
| 650 | 7 |
_aPłyty konstrukcyjne _2DBN |
|
| 650 | 7 | _aMechanika | |
| 650 | 7 |
_aZbiorniki _2DBN |
|
| 650 | 7 | _aBudowa i konstrukcje | |
| 655 | 7 | _aPraca zbiorowa | |
| 658 | _aArchitektura i budownictwo | ||
| 700 | 1 |
_aCzapliński, Kazimierz _d(1926- ) _eRedakcja |
|
| 710 | 2 |
_aOficyna Wydawnicza Politechniki Wrocławskiej _4pbl |
|
| 830 | 0 |
_aPrace Naukowe Instytutu Budownictwa Politechniki Wrocławskiej _v11 |
|
| 830 | 0 |
_aPrace Naukowe Instytutu Budownictwa Politechniki Wrocławskiej. _pStudia i Materiały _v8 |
|
| 856 |
_uhttp://koha.tu.koszalin.pl/cgi-bin/koha/opac-detail.pl?biblionumber=15401 _yKatalog online BPK |
||
| 942 |
_2UKD _cKS |
||
| 999 |
_c15401 _d15401 |
||